000 01412nam a2200349 i 4500
001 20234716
003 EG-ScBUE
005 20230214070055.0
008 171229s2018 enk f b 001 0 eng d
020 _a9780521198622 (hardback)
040 _aDLC
_beng
_erda
_cDLC
_dDLC
_dEG-ScBUE
082 0 4 _a621.38132
_222
_bCAR
100 1 _aCarter, R. G.
_q(Richard Geoffrey),
_eauthor.
245 1 0 _aMicrowave and RF vacuum electronic power sources /
_cRichard G. Carter, Lancaster University.
264 1 _aCambridge ;
_aNew York, NY :
_bCambridge University Press,
_c2018.
300 _axxxii, 807 pages ;
_c26 cm.
336 _atext
_btxt
_2rdacontent
337 _aunmediated
_bn
_2rdamedia
338 _avolume
_bnc
_2rdacarrier
490 0 _aThe Cambridge RF and microwave engineering series
504 _aIncludes bibliographical references and index.
650 7 _aVacuum-tube circuits.
_2BUEsh
650 7 _aMicrowave circuits.
_2BUEsh
650 7 _aRadio circuits.
_2BUEsh
650 7 _aMicrowave devices
_xPower supply.
_2BUEsh
653 _bENGGEN
_cFebruary2023
655 _vReading book
906 _a7
_bcbc
_corignew
_d1
_eecip
_f20
_gy-gencatlg
942 _2ddc
_cBB
999 _c30137
_d30108